000 01141nam a2200337Ia 4500
001 Para_9541
003 CHAP
008 220125s2008 xx 000 0 und d
010 _a208215
040 _cCHAP
090 _aTESIS 2232
100 _aGarcía Munguía, Alberto Margarito
_946349
245 _aDeterminación morfológica, molecular, patogénica y manejo de enfermedades de raíz y cuello en céspedes de Campos de Golf /
_c por Alberto Margarito, García Munguía
260 _aChapingo, Méx. :
_b el autor
300 _a164 h.
502 _aTesis (M.C. en Protección Vegetal) UACh. Departamento Parasitología Agrícoa
650 _aCésped
_x enfermedades
_924333
650 _aColletotrichum gaminicola
_9174141
650 _aFungicidas
_944044
650 _aFusarium
_944082
650 _aPythium
_993106
650 _aRhizoctonia solani
_997134
710 _aUACh. Departamento Parasitología Agrícola
_9164025
901 _aTESIS 2232
902 _aM
905 _a0000002008 amn 0000000000 00
910 _a2008
942 _cPARA
942 _cPARA
_d2
999 _c208215
_d208215